Statistics for Best Colleges in New York

Click here to take the quiz!

General Stats

  • This quiz has been taken 196 times
  • The average score is 6 of 10

Answer Stats

RankCollege% Correct
1Columbia University
92%
3New York University
88%
2Cornell University
86%
8Binghamton University--SUNY
72%
7Syracuse University
69%
10Rochester Institute of Technology
60%
4University of Rochester
56%
6Fordham University
41%
5Rensselaer Polytechnic Institute
34%
9Yeshiva University
14%

Score Distribution

Percentile by Number Answered

Percent of People with Each Score

Your Score History

You have not taken this quiz